|
|
|
|
| LEADER |
00000cam a2200000 7i4500 |
| 001 |
0000000877 |
| 005 |
20151222.0 |
| 008 |
070703 |
| 020 |
|
|
|a 9830602370
|
| 020 |
|
|
|a 9830602400(set)
|
| 090 |
0 |
0 |
|a JF
|b AD MAL (1042)
|
| 100 |
0 |
|
|a Nik Amirul Mu'min Nik Amin
|
| 245 |
1 |
0 |
|a Jembalang
|c Nik Amirul Mu'min Nik Amin
|
| 260 |
|
|
|a Selangor :
|b Hasrat Murni ,
|c 2005
|
| 440 |
|
|
|a Himpunan cerita-cerita seram
|
| 500 |
|
|
|a Children ages 7-9 years old (orange)
|
| 650 |
|
0 |
|a Ghost stories, Malay
|
| 650 |
|
0 |
|a Malay fiction
|
| 999 |
|
|
|a 0000921403
|b Book
|c Children Collection
|e Cawangan Bukit Gambir
|
| 999 |
|
|
|a 0000930417
|b Book
|c Children Collection
|e Cawangan Tangkak
|
| 999 |
|
|
|a 0000955254
|b Book
|c Children Collection
|e Perbadanan Perpustakaan Awam Johor
|
| 999 |
|
|
|a 0000955255
|b Book
|c Children Collection
|e Perbadanan Perpustakaan Awam Johor
|
| 999 |
|
|
|a 0000955256
|b Book
|c Children Collection
|e Cawangan Pontian
|
| 999 |
|
|
|a 0000955257
|b Book
|c Children Collection
|e Cawangan Batu Pahat
|
| 999 |
|
|
|a 0000955258
|b Book
|c Children Collection
|e Cawangan Bandar Penawar
|
| 999 |
|
|
|a 0000955781
|b Book
|c Children Collection
|e Cawangan Kota Tinggi
|
| 999 |
|
|
|a 0001051869
|b Book
|c Children Collection
|e Cawangan Segamat
|
| 999 |
|
|
|a 0001051870
|b Book
|c Children Collection
|e Cawangan Bandar Penawar
|